Princess and the pea(The) / (Record no. 111890)
[ view plain ]
| 000 -LEADER | |
|---|---|
| fixed length control field | 00577nam a2200205 a 4500 |
| 001 - CONTROL NUMBER | |
| control field | 3204 |
| 003 - CONTROL NUMBER IDENTIFIER | |
| control field | 3024 |
| 005 - DATE AND TIME OF LATEST TRANSACTION | |
| control field | 20160419134921.0 |
| 008 - FIXED-LENGTH DATA ELEMENTS--GENERAL INFORMATION | |
| fixed length control field | 040117s19uu xx 00 eng d |
| 020 ## - INTERNATIONAL STANDARD BOOK NUMBER | |
| International Standard Book Number | 978-983-9072-84-6 |
| 050 ## - LIBRARY OF CONGRESS CALL NUMBER | |
| Classification number | ER |
| Item number | Pr93 1999 |
| 100 ## - MAIN ENTRY--PERSONAL NAME | |
| Personal name | Andersen, Hans Christian |
| 245 ## - TITLE STATEMENT | |
| Title | Princess and the pea(The) / |
| Statement of responsibility, etc | .written by Hans Christian Andersen ; retold and illustrated by Dawn King |
| 260 ## - PUBLICATION, DISTRIBUTION, ETC. (IMPRINT) | |
| Place of publication, distribution, etc | Malaysia : |
| Name of publisher, distributor, etc | Mecron, |
| Date of publication, distribution, etc | 1999. |
| 300 ## - PHYSICAL DESCRIPTION | |
| Extent | 16 p. ; cm. |
| 650 ## - SUBJECT ADDED ENTRY--TOPICAL TERM | |
| Topical term or geographic name as entry element | Fairy tales. |
| 650 ## - SUBJECT ADDED ENTRY--TOPICAL TERM | |
| Topical term or geographic name as entry element | Children stories. |
| 942 ## - ADDED ENTRY ELEMENTS (KOHA) | |
| Source of classification or shelving scheme | Dewey Decimal Classification |
| Koha item type | Books |
| Withdrawn status | Lost status | Source of classification or shelving scheme | Damaged status | Home library | Current library | Shelving location | Date acquired | Source of acquisition | Total Checkouts | Full call number | Barcode | Date last seen | Price effective from | Koha item type |
|---|---|---|---|---|---|---|---|---|---|---|---|---|---|---|
| Dewey Decimal Classification | Munich Library | Munich Library | Easy Reading Section | 06/02/2010 | Donation | ER Pr93 1999 | M3085 | 04/14/2014 | 04/14/2014 | Books |